Statistiken für Alle Flug-Pokemon (Gen 1)

Klicken Sie hier um das Quiz zu spielen!

Allgemein

  • Dieses Quiz wurde 186 mal gespielt
    (171 seit der letzten Aktualisierung)
  • Das Durchschnittsergebnis liegt bei 15 aus 19

Antwortstatistiken

HintAntwort% Korrekt
#017Tauboga
97%
#016Taubsi
97%
#006Glurak
96%
#018Tauboss
96%
#146Lavados
94%
#145Zapdos
94%
#144Arktos
93%
#021Habitak
93%
#022Ibitak
92%
#012Smettbo
85%
#149Dragoran
83%
#142Aerodactyl
63%
#085Dodri
60%
#084Dodu
60%
#083Porenta
56%
#130Garados
54%
#123Sichlor
54%
#041Zubat
44%
#042Golbat
43%

Verteilung der Resultate

Perzentil nach korrekt beantworteten Fragen

Anzahl Personen mit jedem Resultat

Ihre Resultats-Entwicklung

Sie haben dieses Quiz seit der letzten Aktualisierung nicht gespielt